Obras completas de D. Antonio Aparisi y Guijarro

Saved in:
Bibliografiske detaljer
Format: Bog
Sprog:spansk
Udgivet: Madrid De la Regeneración 1873
Fag:
Tags: Tilføj Tag
Ingen Tags, Vær først til at tagge denne postø!

MARC

LEADER 00000nam a2200000 a 4500
001 UCR4677
003 CL-VaPUC
008 980313e18730000SP |||||||||||||||||spa|d
082 0 4 |a 923  |b OBR  |2 21 
245 1 0 |a Obras completas de D. Antonio Aparisi y Guijarro 
300 |a v 
942 |c BK 
945 |d 19980313 00:00:00  |a aolguin 
260 |a Madrid  |b De la Regeneración  |c 1873 
500 |a v.2: Discursos políticos 
500 |a v.3: Artículos 
500 |a v.4: Opúsculos 
500 |a v.5: Escritos y discursos forenses 
600 0 7 |a APARISI Y GUIJARRO, ANTONIO  |2 CL-VaPUC  |9 405168 
650 0 |a Vida política  |9 337438 
650 7 |a FILOSOFIA POLITICA  |2 CL-VaPUC  |9 405169 
650 0 |a Filosofía del derecho   |9 255050 
650 0 |a Discursos   |9 265028 
583 |a last modification  |c 20160913 03:39:52  |k Rodrigo Vera 
999 |c 267574  |d 267572 
952 |0 0  |1 0  |4 0  |6 923_000000000000000_OBR_1873  |7 0  |8 X  |9 299968  |a BIBDER  |b BIBDER  |d 2019-11-20  |h v.2  |i 1961802  |o 923 OBR 1873  |p 1961802  |r 2023-01-25  |w 2019-11-20  |y BK_X  |k DER 
952 |0 0  |1 0  |4 0  |6 923_000000000000000_OBR_1873  |7 0  |8 X  |9 299969  |a BIBDER  |b BIBDER  |d 2019-11-20  |h v.3  |i 1961756  |o 923 OBR 1873  |p 1961756  |r 2023-01-25  |w 2019-11-20  |y BK_X  |k DER 
952 |0 0  |1 0  |4 0  |6 923_000000000000000_OBR_1873  |7 0  |8 X  |9 299970  |a BIBDER  |b BIBDER  |d 2019-11-20  |h v.4  |i 1961705  |o 923 OBR 1873  |p 1961705  |r 2023-01-25  |w 2019-11-20  |y BK_X  |k DER 
952 |0 0  |1 0  |4 0  |6 923_000000000000000_OBR_1873  |7 0  |8 X  |9 299971  |a BIBDER  |b BIBDER  |d 2019-11-20  |h v.5  |i 1965425  |o 923 OBR 1873  |p 1965425  |r 2023-01-25  |w 2019-11-20  |y BK_X  |k DER